Historia de la literatura española
Salvato in:
| Autore principale: | |
|---|---|
| Natura: | Libro |
| Lingua: | spagnolo |
| Pubblicazione: |
Barcelona
Gustavo Gili
1965
|
| Edizione: | 2a. ed |
| Soggetti: | |
| Tags: |
Aggiungi Tag
Nessun Tag, puoi essere il primo ad aggiungerne!!
|
MARC
| LEADER | 00000nam a2200000 a 4500 | ||
|---|---|---|---|
| 001 | UCZ0359 | ||
| 003 | CL-VaPUC | ||
| 008 | 950728e19650000SP |||||||||||||||||spa|d | ||
| 082 | 0 | 4 | |a 860.9 |b VAL |2 21 |
| 100 | 0 | |a Valbuena Briones, Angel |e author |9 343124 | |
| 245 | 1 | 0 | |a Historia de la literatura española |
| 250 | |a 2a. ed | ||
| 300 | |a v 4 | ||
| 942 | |c BK | ||
| 945 | |d 19950728 00:00:00 |a rbrito | ||
| 260 | |a Barcelona |b Gustavo Gili |c 1965 | ||
| 500 | |a v.4: Literatura hispanoamericana | ||
| 650 | 0 | |a Literatura española |9 306261 | |
| 650 | 0 | |a Historia |9 255047 | |
| 650 | 0 | |a Literatura hispanoamericana |9 269097 | |
| 583 | |a last modification |c 19950728 00:00:00 |k Rodrigo Vera | ||
| 999 | |c 237299 |d 237297 | ||
| 952 | |0 0 |1 0 |4 0 |6 860_900000000000000_VAL_1965 |7 0 |8 A |9 246221 |a BIBEDU |b BIBEDU |d 2019-11-18 |h v.4 |i 3101061 |o 860.9 VAL 1965 |p 3101061 |r 2019-11-18 |w 2019-11-18 |y BK |k LIT | ||